000 01091cam a2200337 a 4500
001 4734457
003 OSt
005 20150903131805.0
008 840718r1984 nyua j 000 0aeng
010 _a 84048462
020 _a0140318909
_c$10.95
040 _aDLC
_cDLC
_dDLC
042 _alcac
043 _ae-uk---
050 0 0 _aPZ 7
_b.D131 1984
082 _aKF D13b
_b1984
100 1 _aDahl, Roald.
_93827
245 1 0 _aBoy :
_btales of childhood /
_cRoald Dahl
260 _aNew York :
_bPuffin Books,
_cc1984.
300 _a176 p.
_bill. ;
_c20 cm.
562 _e1
600 1 0 _aDahl, Roald
_xChildhood and youth
_xJuvenile literature.
_94123
600 1 1 _aDahl, Roald.
_93827
650 0 _aAuthors, English
_y20th century
_xBiography
_xJuvenile literature.
_94124
650 1 _aAuthors, English.
_94125
651 0 _aGreat Britain
_xSocial life and customs
_xJuvenile literature.
_94126
856 4 2 _3Publisher description
_uhttp://www.loc.gov/catdir/description/hol054/84048462.html
906 _a7
_bcbc
_corignew
_d3
_eocip
_f19
_gy-gencatlg
942 _2lcc
_cBK
999 _c919
_d919